BUBT Library Online Catalog

নজরুলের কবিতা সমগ্র / (Record no. 5956)

000 -LEADER
fixed length control field 00694nam a22001937a 4500
003 - CONTROL NUMBER IDENTIFIER
control field BUBTL
008 - FIXED-LENGTH DATA ELEMENTS--GENERAL INFORMATION
fixed length control field 190406b xxu||||| |||| 00| 0 eng d
020 ## - INTERNATIONAL STANDARD BOOK NUMBER
International Standard Book Number 984-555-169-6
082 ## - DEWEY DECIMAL CLASSIFICATION NUMBER
Classification number 891.441 / N2392n
110 ## - MAIN ENTRY--CORPORATE NAME
9 (RLIN) 2965
Corporate name or jurisdiction name as entry element নজরুল ইন্সটিটিউট
245 ## - TITLE STATEMENT
Title নজরুলের কবিতা সমগ্র /
Statement of responsibility, etc. নজরুল ইন্সটিটিউট
250 ## - EDITION STATEMENT
Edition statement 1st ed.
260 ## - PUBLICATION, DISTRIBUTION, ETC. (IMPRINT)
Place of publication, distribution, etc. ঢাকা :
Name of publisher, distributor, etc. নজরুল ইন্সটিটিউট
Date of publication, distribution, etc. c2015.
300 ## - PHYSICAL DESCRIPTION
Extent 1088 p. :
Dimensions 22 cm.
650 #0 - SUBJECT ADDED ENTRY--TOPICAL TERM
9 (RLIN) 1692
Topical term or geographic name as entry element বাংলা সাহিত্য
856 ## - ELECTRONIC LOCATION AND ACCESS
Password 0
Logon 0
Link text Download
942 ## - ADDED ENTRY ELEMENTS (KOHA)
Source of classification or shelving scheme
Koha item type Books
Holdings
Withdrawn status Lost status Source of classification or shelving scheme Damaged status Not for loan Collection code Permanent location Current location Shelving location Date acquired Inventory number Total Checkouts Total Renewals Full call number Barcode Date last seen Date last checked out Copy number Price effective from Koha item type
          Fiction Bangladesh University of Business and Technology Library Bangladesh University of Business and Technology Library Fiction 10/23/2016 22693 1 1 891.441 / N2392n BUBTL-200322693 12/23/2021 03/04/2020 C-1 04/06/2019 Books
          Fiction Bangladesh University of Business and Technology Library Bangladesh University of Business and Technology Library Fiction 10/23/2016 22694     891.441 / N2392n BUBTL-200322694 01/28/2020   C-2 01/28/2020 Books

More Information About Library

Library Hours

  • Open: 9.00 am. to 9.00 pm.
  • Only Sunday: 9.00 am. to 6.00 pm.
  • Closed: Holiday

Contact to the University

Bangladesh University of Business and Technology Library

  • Mirpurl-2, 1216.
  • Phone:
  • Fax:
  • E-Mail: admin.library@bubt.edu.bd

Contact to the Library

Contact Person:

Md. Abdul Hakim Shah
Joint Librarian
PABX No:  113
Cell No: 01816332931
E-mail: official: admin.library@bubt.edu.bd
Personal: hakim.shah@bubt.edu.bd


BUBT Library

Copyright © 2021